| 000 | 00527 a2200169 4500 | ||
|---|---|---|---|
| 020 | _a997151348 | ||
| 040 |
_aDLC _bDLC |
||
| 082 | _a005.82 | ||
| 100 | _aBruce Schneier | ||
| 245 |
_aApplied cryptography: protocols, algorithms and source code in C _cBruce Schneier |
||
| 250 | _a2nd ed. | ||
| 260 |
_aNew York : _bWiley, _cc1996. |
||
| 300 |
_axxiii, 758 p. : _b ill. ; _c24 cm. |
||
| 500 | _aIncludes Index | ||
| 600 | _a1.Computer security.2.Telecommunication--Security measures.3.Cryptography. | ||
| 942 |
_cBK _k005.82 SCH _2ddc |
||
| 999 |
_c4396 _d4396 |
||